196 Missing Countries - Statistics

General Stats
  • This quiz has been taken 112 times
  • The average score is 154 of 196
Answers on the Map
Answers color-coded by a green-red scale on the quiz's map according to % correct below.
 
Answer Stats
Answer % Correct
Argentina
96%
Brazil
96%
Canada
96%
Denmark
96%
France
96%
Mexico
96%
Peru
96%
United Kingdom
96%
United States
96%
Australia
93%
Chile
93%
China
93%
Cuba
93%
Indonesia
93%
Japan
93%
Mongolia
93%
Russia
93%
Bolivia
89%
Colombia
89%
Democratic Republic of the Congo
89%
Ecuador
89%
Egypt
89%
Germany
89%
India
89%
Paraguay
89%
Saudi Arabia
89%
South Africa
89%
Venezuela
89%
Belarus
85%
Chad
85%
Costa Rica
85%
Dominica
85%
Dominican Republic
85%
El Salvador
85%
Honduras
85%
Ireland
85%
Italy
85%
Kazakhstan
85%
Malaysia
85%
Malta
85%
New Zealand
85%
Nicaragua
85%
Niger
85%
Nigeria
85%
North Korea
85%
Norway
85%
Panama
85%
Poland
85%
Portugal
85%
Slovakia
85%
South Korea
85%
Spain
85%
Sudan
85%
Sweden
85%
Thailand
85%
Ukraine
85%
United Arab Emirates
85%
Uruguay
85%
Andorra
81%
Austria
81%
Botswana
81%
Bulgaria
81%
Czech Republic
81%
Federated States of Micronesia
81%
Fiji
81%
Finland
81%
Hungary
81%
Iran
81%
Kenya
81%
Kyrgyzstan
81%
Moldova
81%
Netherlands
81%
Papua New Guinea
81%
Romania
81%
Slovenia
81%
South Sudan
81%
Suriname
81%
Switzerland
81%
Taiwan
81%
Trinidad and Tobago
81%
Turkey
81%
Vietnam
81%
Yemen
81%
Zimbabwe
81%
Afghanistan
78%
Algeria
78%
Angola
78%
Armenia
78%
Azerbaijan
78%
Bahamas
78%
Barbados
78%
Belize
78%
Bhutan
78%
Croatia
78%
Cyprus
78%
East Timor
78%
Estonia
78%
Ethiopia
78%
Greece
78%
Grenada
78%
Guyana
78%
Haiti
78%
Iceland
78%
Iraq
78%
Jamaica
78%
Latvia
78%
Libya
78%
Lithuania
78%
Mali
78%
Marshall Islands
78%
Morocco
78%
Myanmar
78%
Nauru
78%
Oman
78%
Pakistan
78%
Philippines
78%
Republic of the Congo
78%
Saint Vincent and the Grenadines
78%
Serbia
78%
Singapore
78%
Turkmenistan
78%
Vatican City
78%
Zambia
78%
Antigua and Barbuda
74%
Belgium
74%
Benin
74%
Bosnia and Herzegovina
74%
Burundi
74%
Cambodia
74%
Central African Republic
74%
Eswatini
74%
Guatemala
74%
Israel
74%
Kosovo
74%
Kuwait
74%
Laos
74%
Lesotho
74%
Liechtenstein
74%
Mauritania
74%
Monaco
74%
Mozambique
74%
Namibia
74%
Nepal
74%
Saint Kitts and Nevis
74%
Saint Lucia
74%
Samoa
74%
Solomon Islands
74%
Somalia
74%
Tajikistan
74%
Tanzania
74%
Tonga
74%
Tunisia
74%
Uzbekistan
74%
Albania
70%
Bahrain
70%
Brunei
70%
Cameroon
70%
Comoros
70%
Ivory Coast
70%
Kiribati
70%
Liberia
70%
Malawi
70%
Montenegro
70%
Qatar
70%
Rwanda
70%
San Marino
70%
Senegal
70%
Seychelles
70%
Sierra Leone
70%
Tuvalu
70%
Georgia
67%
Ghana
67%
Guinea
67%
Jordan
67%
Lebanon
67%
Maldives
67%
Palau
67%
Sri Lanka
67%
Syria
67%
Togo
67%
Uganda
67%
Vanuatu
67%
Bangladesh
63%
Burkina Faso
63%
Djibouti
63%
Equatorial Guinea
63%
Eritrea
63%
Gambia
63%
Guinea-Bissau
63%
Luxembourg
63%
Madagascar
63%
Mauritius
63%
North Macedonia
63%
São Tomé and Príncipe
59%
Gabon
59%
Cape Verde
56%
No matching quizzes found
Score Distribution
Percent of People with Each Score
Percentile by Number Answered
Your Score History
You have not taken this quiz